n'oubliez pas les paroles spécial années 80 #2 - Statistiques

Statistiques générales
  • Ce quiz a été pris 169 fois
  • Le résultat moyen est 2 sur 5
Statistiques - réponses
Hint Réponse % Correct
Cendrillon, Téléphone -
Elle commence à boire A trainer dans les bars Emmitouflée dans son cafard Maintenant elle fait __ ________.
le trottoir
87%
Mistral Gagnant, Renaud - Te raconter la Terre en te bouffant des yeux __ ______ __ __ ____, __ _____ ___. Te parler de ta mère, un petit peu
59%
Comme toi, Jean-Jacques Goldman- Elle allait à l'école au village d'en bas Elle apprenait les livres, elle apprenait les lois Elle chantait les grenouilles et les princesses ___ _______ __ ____. Qui dorment au bois
35%
Hélène, Roch Voisine - Pourquoi tu pars si loin de moi Là où le vent te porte ____ __ ___ _____ ___ ___. loin de mon coeur qui bat
23%
Je te promets, Johnny Hallyday - Et même si c'est pas vrai, si on te l'a trop fait Si les mots sont usés, comme écrits à la craie __ ____ ___ ___ ______ ___ __ ________ ___ ________. On fait bien des grands feu en frottant des cailloux
13%
Aucun quiz correspondant
Distribution des résultats
% des personnes avec chaque résultat
Percentile par nombre de réponses
Votre historique - résultats
Vous n’avez pas pris ce quiz